Paschathya Sahithya Dharsanam (Record no. 70486)

MARC details
000 -LEADER
fixed length control field 00378nam a2200133Ia 4500
008 - FIXED-LENGTH DATA ELEMENTS--GENERAL INFORMATION
fixed length control field 211109s9999||||xx |||||||||||||| ||und||
082 ## - DEWEY DECIMAL CLASSIFICATION NUMBER
Classification number 894.812
Item number ACH-P
100 ## - MAIN ENTRY--PERSONAL NAME
Personal name Achuthan, M
245 #0 - TITLE STATEMENT
Title Paschathya Sahithya Dharsanam
260 ## - PUBLICATION, DISTRIBUTION, ETC.
Name of publisher, distributor, etc. Sahithya Pravarthaka...
Place of publication, distribution, etc. Kottayam
630 ## - SUBJECT ADDED ENTRY--UNIFORM TITLE
General subdivision GENERAL STACK
650 ## - SUBJECT ADDED ENTRY--TOPICAL TERM
Topical term or geographic name entry element MALAYALAM LITERATURE
942 ## - ADDED ENTRY ELEMENTS (KOHA)
Koha item type BOOK
650 ## - SUBJECT ADDED ENTRY--TOPICAL TERM
Form subdivision MALAYALAM POETRYMalayalam
Holdings
Withdrawn status Lost status Damaged status Not for loan Home library Current library Date acquired Total Checkouts Full call number Barcode Shelving location Date last seen Price effective from Koha item type
        SB LIBRARY SB LIBRARY 09/11/2021   894.812 ACH-P 00054703 GENERAL STACK 09/11/2021 09/11/2021 BOOK

Powered by Koha